000 00717nam a2200217Ii 4500
003 JO-AjNU
008 230605s9999||||xx |||||||||||||| ||und||
017 _a1994/10870
020 _a977-02-4802-9
040 _aJO-AjNU
_bara
_erda
_cJO-AjNU
041 _aara
050 1 4 _aBF456.R2.A2294.1998
100 3 _aعبده، عبد الهادي السيد ، عثمان، فاروق السيد,
_eauthor
_937748
245 0 0 _aسيكولوجية القراءة
264 3 1 _aالقاهرة:دار المعارف ،1998
300 _a158ص
336 _atext
_btxt
_2rdacontent
337 _aunmediated
_bn
_2rdamedia
338 _avolume
_bnc
_2rdacarrier
650 4 _aاللغة العربية-القراءة
_937749
999 _aA15800
_c19368
_d19368